00884nam a22002537a 4500001000700000003000900007005001700016007000300033008003300036020001500069040003000084082002800114245014100142264004100283300003800324336002800362337003500390338003000425650002900455650004000484700004600524700003900570710002100609000537DO-SdBPM20250725130934.0ta161010b2000 sp ||| 00| 0 spa d a8489140995 aDO-SdBPMbspacBPMSUerda 4aR423.61bD545i 200022200aDiccionario Inglés Nauta:benglish - spanish, español - inglés. /ccompilado por Ricardo Jordana Puigninós, Paul J. Chamberlain  aBarcelona :bEdiciones Nauta, c2000 aCLIII, 409 páginas ; c26 cm.  atextobtxt2rdacarrier  asin mediación bn2rdamedia  avolumen bnc2rdacarrier  7aInglésvDiccionarios  7aEspañolxInglés.vDiccionarios 1 a Jordana Puigninós, Ricardoecompilado 1 aChamberlain, Paul J. ecompilador 2 aEdiciones Nauta